[Event "XVII Aberto "]
[Site "Ourense"]
[Date "2008.07.11"]
[Round "9.15"]
[White "Vallejo Diaz, Javier"]
[Black "Perez Candelario, Matias"]
[Result "1-0"]
[WhiteElo "2296"]
[BlackElo "2064"]
[PlyCount "94"]
[EventDate "2008.07.03"]

1. e4 g6 2. Nc3 Bg7 3. g3 e5 4. Bg2 Ne7 5. Nge2 O-O 6. O-O Nbc6 7. d3 d6 8. f4
Bg4 9. h3 Be6 10. Nd5 Qd7 11. Kh2 f5 12. Nxe7+ Qxe7 13. c3 fxe4 14. dxe4 Rad8
15. Be3 Na5 16. b3 b6 17. Qc2 Bh6 18. Bg1 Bc8 19. Rad1 Nc6 20. f5 Nb8 21. g4 c6
22. c4 Nd7 23. Qd3 Nc5 24. Qg3 Bg5 25. Bf2 Rfe8 26. h4 Bf4 27. Nxf4 exf4 28.
Qxf4 Nxe4 29. Rfe1 d5 30. cxd5 cxd5 31. Bxe4 dxe4 32. Rxe4 Qf7 33. Rxd8 Rxd8
34. Qe3 Qc7+ 35. Bg3 Qc2+ 36. Kh3 Qc5 37. Qg5 Qd5 38. Qe3 Qc5 39. Qxc5 bxc5 40.
fxg6 h5 41. Re7 Bxg4+ 42. Kg2 Rd2+ 43. Kf1 Rd1+ 44. Be1 Rd6 45. g7 Ra6 46. Bc3
Be6 47. Re8+ Kh7 1-0

[Event "XVII Aberto "]
[Site "Ourense"]
[Date "2008.07.11"]
[Round "9.16"]
[White "Astasio Lopez, David"]
[Black "Gutierrez Bustillo, Diego"]
[Result "0-1"]
[WhiteElo "2258"]
[BlackElo "1947"]
[PlyCount "144"]
[EventDate "2008.07.03"]

1. d4 d5 2. Nf3 e6 3. Nbd2 Nf6 4. e3 Be7 5. Bd3 c5 6. c3 O-O 7. O-O cxd4 8.
exd4 b6 9. Qe2 Bb7 10. Re1 Nc6 11. Nf1 a6 12. Ng3 b5 13. a3 Na5 14. Bg5 Nc4 15.
Rad1 Rc8 16. Ne5 Qb6 17. Bc1 Rc7 18. Qf3 Re8 19. Re2 a5 20. Rde1 Bf8 21. Bf4
Rcc8 22. h3 Ra8 23. Bc1 Qc7 24. Bf4 Qb6 25. Bc1 Qc7 26. Bg5 Be7 27. Bf4 Qb6 28.
Bc1 Qc7 29. Nf1 Bf8 30. Nh2 Rac8 31. Qg3 Bd6 32. Bf4 Rcd8 33. Qh4 Qb6 34. Bc1
Be7 35. Qg3 Bd6 36. Bh6 Bf8 37. Bg5 Be7 38. Bc1 Bd6 39. Qf3 Qc7 40. Bc2 Bf8 41.
Qg3 Rc8 42. Nhf3 Ba6 43. Nxc4 bxc4 44. Ne5 Bb5 45. Qf4 Bd6 46. Qh4 Be7 47. Qg3
Bd6 48. Qf3 Rb8 49. Bg5 Be7 50. Qg3 Rb7 51. Nf3 Qb6 52. Ne5 Bc6 53. Bc1 Bd6 54.
Qh4 Be7 55. Qf4 Bd6 56. Qd2 Reb8 57. Qg5 Be7 58. Qg3 Be8 59. Kh1 Qc7 60. f4 Bf8
61. Rf1 g6 62. f5 exf5 63. Bxf5 Bg7 64. Bc2 Qd6 65. Ref2 Nd7 66. Bf4 Nxe5 67.
Bxe5 Bxe5 68. dxe5 Qc7 69. Qg5 Qe7 70. Rf6 Rxb2 71. Bf5 Qxe5 72. h4 h6 0-1

[Event "XVII Aberto "]
[Site "Ourense"]
[Date "2008.07.11"]
[Round "9.21"]
[White "Lopez Rodriguez, Walter"]
[Black "De Nacimiento Montaño, Antonio"]
[Result "1-0"]
[WhiteElo "2227"]
[BlackElo "2045"]
[PlyCount "43"]
[EventDate "2008.07.03"]

1. Nf3 c5 2. g3 Nc6 3. d4 cxd4 4. Nxd4 g6 5. c4 Bg7 6. Nc2 Nf6 7. Bg2 O-O 8.
O-O d6 9. Nc3 Nd7 10. Nd5 Nc5 11. Rb1 a5 12. Re1 f5 13. b3 e6 14. Nf4 Ne4 15.
Bb2 Nc3 16. Bxc3 Bxc3 17. Rf1 Nb4 18. a3 Nxc2 19. Qxc2 Be5 20. Nd3 Qf6 21. e3
Rb8 22. f4 1-0

[Event "XVII Aberto "]
[Site "Ourense"]
[Date "2008.07.11"]
[Round "9.22"]
[White "Lorenzo Duran, Marcos"]
[Black "Bello Filgueira, Joaquin Antoni"]
[Result "1-0"]
[WhiteElo "2214"]
[BlackElo "2015"]
[PlyCount "58"]
[EventDate "2008.07.03"]

1. e4 c5 2. c3 b6 3. d4 Nf6 4. e5 Nd5 5. c4 Nc7 6. d5 d6 7. f4 e6 8. Nc3 dxe5
9. fxe5 exd5 10. cxd5 Qh4+ 11. g3 Qd4 12. Bf4 g5 13. Bxg5 Qxe5+ 14. Qe2 Qxe2+
15. Ngxe2 Bg7 16. d6 Bb7 17. dxc7 Na6 18. Bh3 Nxc7 19. O-O O-O 20. Rad1 Ne6 21.
Bxe6 fxe6 22. Rxf8+ Rxf8 23. Rd7 Ba6 24. Rxa7 Bd4+ 25. Nxd4 cxd4 26. Ne4 Rf1+
27. Kg2 Bd3 28. Nf6+ Kh8 29. Bh6 Rxf6 1-0

[Event "XVII Aberto "]
[Site "Ourense"]
[Date "2008.07.11"]
[Round "9.23"]
[White "Stanoev, Atanas"]
[Black "Alonso Macias, Victor"]
[Result "1-0"]
[WhiteElo "2198"]
[BlackElo "1977"]
[PlyCount "75"]
[EventDate "2008.07.03"]

1. Nf3 Nf6 2. d4 e6 3. c4 c5 4. d5 exd5 5. cxd5 d6 6. Nc3 g6 7. e4 Bg7 8. h3
O-O 9. Bd3 Re8 10. O-O c4 11. Bc2 b5 12. a3 a6 13. Bf4 Bb7 14. Re1 Bf8 15. Qd2
Nbd7 16. Nd4 Rc8 17. Rad1 Qb6 18. Be3 Qc7 19. Bf4 Qb6 20. Bh6 Ne5 21. Bxf8 Kxf8
22. Qh6+ Kg8 23. Nf5 gxf5 24. Qxf6 f4 25. Qxf4 Ng6 26. Qg3 a5 27. Ne2 b4 28.
Nd4 c3 29. axb4 cxb2 30. bxa5 Qxa5 31. Qxd6 Rxc2 32. Nxc2 Rc8 33. Nd4 Qc3 34.
Nf5 Ra8 35. e5 Ra1 36. Qd8+ Nf8 37. Nh6+ Kg7 38. Qf6# 1-0

[Event "XVII Aberto "]
[Site "Ourense"]
[Date "2008.07.11"]
[Round "9.25"]
[White "Vidal Del Rio, Manuel"]
[Black "Garcia Fernandez, Manuel"]
[Result "0-1"]
[WhiteElo "2188"]
[BlackElo "1873"]
[PlyCount "60"]
[EventDate "2008.07.03"]

1. e4 c5 2. g3 d5 3. exd5 Qxd5 4. Nf3 Bg4 5. Bg2 Qe6+ 6. Kf1 Bh3 7. d3 Nc6 8.
Be3 O-O-O 9. Nbd2 Bxg2+ 10. Kxg2 Qd5 11. Re1 e5 12. Kg1 f5 13. a4 Nf6 14. a5 f4
15. gxf4 exf4 16. Bxf4 Bd6 17. Bg3 Bxg3 18. hxg3 h5 19. Ne4 Rdf8 20. c4 Qg8 21.
Nxc5 h4 22. Nxh4 g5 23. Nf5 Qh7 24. Qf3 Ng4 25. Ne7+ Kb8 26. Nd7+ Ka8 27. Nxf8
Qh2+ 28. Kf1 Nd4 29. Qg2 Qxg2+ 30. Kxg2 Rh2+ 0-1

[Event "XVII Aberto "]
[Site "Ourense"]
[Date "2008.07.11"]
[Round "9.26"]
[White "Lopez Garrido, Daniel"]
[Black "Galan Martin, Pedro Juan"]
[Result "0-1"]
[WhiteElo "1953"]
[BlackElo "2114"]
[PlyCount "90"]
[EventDate "2008.07.03"]

1. e4 c5 2. Nc3 d6 3. f4 g6 4. Bc4 Bg7 5. Nf3 Nc6 6. O-O e6 7. d3 Nge7 8. Qe1
h6 9. a4 a6 10. Bd2 Nd4 11. Nxd4 cxd4 12. Ne2 O-O 13. g4 d5 14. Ba2 dxe4 15.
dxe4 Qb6 16. Kh1 Qc6 17. Ng3 Qxc2 18. Bb4 Re8 19. Rf3 Qc6 20. Rc1 Qxa4 21. Bb3
Qd7 22. f5 exf5 23. gxf5 Nxf5 24. Nxf5 gxf5 25. Qg3 Rxe4 26. Rc7 f4 27. Rxd7
fxg3 28. Rd8+ Kh7 29. Bc2 g2+ 30. Kg1 f5 31. Bxe4 fxe4 32. Rf7 Kg6 33. Rc7 e3
34. Rg8 d3 35. Rcxg7+ Kf5 36. Rxg2 a5 37. Bc3 b5 38. Kf1 b4 39. Rf8+ Ke4 40.
Bg7 Bh3 41. Rxa8 Bxg2+ 42. Kxg2 d2 43. Rd8 e2 44. Rxd2 e1=Q 45. Bxh6 Qh4 0-1

[Event "XVII Aberto "]
[Site "Ourense"]
[Date "2008.07.11"]
[Round "9.27"]
[White "Gomez Dominguez, Xavier"]
[Black "Alcazar Jimenez, Victor"]
[Result "0-1"]
[WhiteElo "1977"]
[BlackElo "2391"]
[PlyCount "62"]
[EventDate "2008.07.03"]

1. e4 c5 2. Nc3 Nc6 3. g3 g6 4. Bg2 Bg7 5. d3 d6 6. f4 e6 7. Nf3 Nge7 8. Be3
O-O 9. O-O Nd4 10. e5 Nef5 11. Bf2 Bd7 12. Ne4 Bc6 13. Nxd4 cxd4 14. g4 Bxe4
15. Bxe4 Ne7 16. Qe2 dxe5 17. fxe5 Qd7 18. Rae1 Rac8 19. Bg2 Rc5 20. Bg3 Nd5
21. Bxd5 Qxd5 22. Qf2 Bh6 23. Qf6 Rxc2 24. Re4 Be3+ 25. Kh1 Rd2 26. h4 Rxd3 27.
Qf3 Rd2 28. h5 Bh6 29. Bh4 g5 30. Be1 Rxb2 31. a3 Rb3 0-1

[Event "XVII Aberto "]
[Site "Ourense"]
[Date "2008.07.11"]
[Round "9.28"]
[White "Rivas Vila, David"]
[Black "Conde Carvajal, Juan Delfin"]
[Result "1-0"]
[WhiteElo "2260"]
[BlackElo "1873"]
[PlyCount "26"]
[EventDate "2008.07.03"]

1. e4 Nf6 2. e5 Nd5 3. c4 Nb6 4. d4 d6 5. exd6 cxd6 6. Nc3 g6 7. Be3 Bg7 8. Rc1
O-O 9. b3 Nc6 10. d5 Ne5 11. Be2 Nbd7 12. f4 Bh6 13. Qd2 Nxc4 1-0

[Event "XVII Aberto "]
[Site "Ourense"]
[Date "2008.07.11"]
[Round "9.29"]
[White "Outerelo Ucha, Manuel"]
[Black "Margarido, Ricardo Emanuel Tor"]
[Result "1-0"]
[WhiteElo "2218"]
[BlackElo "1864"]
[PlyCount "67"]
[EventDate "2008.07.03"]

1. e4 Nf6 2. e5 Nd5 3. d4 d6 4. c4 Nb6 5. f4 dxe5 6. fxe5 Nc6 7. Be3 Bf5 8. Nc3
e6 9. Nf3 Bg4 10. Qd2 Qd7 11. Be2 O-O-O 12. Rd1 Bxf3 13. gxf3 Na5 14. b3 Bb4
15. O-O Qe7 16. Qc2 g5 17. Kh1 h5 18. c5 Nd5 19. Nxd5 exd5 20. Bc1 Nc6 21. Bb2
g4 22. a3 Qh4 23. axb4 Rdg8 24. Rg1 g3 25. Rg2 Ne7 26. Rdg1 Rg7 27. Rxg3 Rxg3
28. Rxg3 Rg8 29. Rxg8+ Nxg8 30. Kg2 Qg5+ 31. Kf1 h4 32. Bc1 Qg7 33. Qf5+ Kb8
34. Qg5 1-0

[Event "XVII Aberto "]
[Site "Ourense"]
[Date "2008.07.11"]
[Round "9.30"]
[White "Villalta Bustillo, Igor"]
[Black "Gallego Martin, Miguel"]
[Result "1/2-1/2"]
[WhiteElo "2146"]
[BlackElo "1848"]
[PlyCount "124"]
[EventDate "2008.07.03"]

1. d4 Nf6 2. Nf3 g6 3. Bg5 Bg7 4. Nbd2 O-O 5. e4 d6 6. Be2 Nbd7 7. c3 e5 8.
dxe5 dxe5 9. Qc2 Qe7 10. O-O h6 11. Bh4 Re8 12. Rfe1 Qf8 13. Bf1 Nh5 14. Nc4
Nf4 15. Nfd2 Kh8 16. f3 f5 17. a4 Nh5 18. exf5 gxf5 19. Ne3 Nc5 20. b4 f4 21.
Nec4 Bf5 22. Ne4 Nxe4 23. fxe4 Bh7 24. Nd2 Nf6 25. Be2 Rad8 26. Bf2 Rxd2 27.
Qxd2 Nxe4 28. Qb2 Nxf2 29. Kxf2 Qd6 30. Bh5 Qb6+ 31. Kf1 Bd3+ 32. Be2 Bg6 33.
Rad1 e4 34. Rd7 f3 35. Bb5 c6 36. Bc4 a5 37. Bf7 Bxf7 38. Rxf7 Rg8 39. g3 Qd8
40. Rxe4 Qd3+ 41. Kf2 Qxe4 42. Rxf3 Re8 43. Qd2 axb4 44. Rf4 Qe5 45. cxb4 Qa1
46. a5 Qh1 47. Rh4 Qd5 48. Qxd5 cxd5 49. b5 d4 50. Rh5 Ra8 51. b6 Rd8 52. Ke2
Kh7 53. Rc5 Kg6 54. Rc7 Rd5 55. Rxb7 Rxa5 56. Rd7 Rb5 57. b7 Be5 58. Kd3 Rb4
59. Ke4 Bb8 60. Kd5 Rb1 61. Kc6 Rc1+ 62. Kb5 Rb1+ 1/2-1/2

[Event "XVII Aberto "]
[Site "Ourense"]
[Date "2008.07.11"]
[Round "9.32"]
[White "Gomez Dominguez, Breixo"]
[Black "Perez Dorado, Jorge"]
[Result "1/2-1/2"]
[WhiteElo "1856"]
[BlackElo "1985"]
[PlyCount "74"]
[EventDate "2008.07.03"]

1. e4 c5 2. Nc3 d6 3. g3 g6 4. Bg2 Bg7 5. d3 Nf6 6. f4 O-O 7. Nf3 Bd7 8. O-O
Nc6 9. h3 Rb8 10. Be3 b5 11. Qd2 c4 12. f5 b4 13. Nd1 Qa5 14. fxg6 hxg6 15. Bh6
Qh5 16. Bxg7 Kxg7 17. Nf2 Qc5 18. d4 Qb5 19. c3 bxc3 20. bxc3 Qb2 21. Rfd1 Qxd2
22. Rxd2 Rb6 23. Re1 Ng8 24. Nd1 e6 25. Ne3 Na5 26. Bf1 Rc8 27. Ree2 Ne7 28.
Rb2 Bb5 29. Rb1 Rcb8 30. Reb2 d5 31. exd5 Nxd5 32. Nxd5 exd5 33. Bg2 Bd7 34.
Rxb6 Rxb6 35. Rxb6 axb6 36. Ne1 Be6 37. Nc2 Nc6 1/2-1/2

[Event "XVII Aberto "]
[Site "Ourense"]
[Date "2008.07.11"]
[Round "9.34"]
[White "Figueiredo, Bruno Antonio"]
[Black "Ferreiro Mera, Aaron"]
[Result "1-0"]
[WhiteElo "1933"]
[BlackElo "1723"]
[PlyCount "101"]
[EventDate "2008.07.03"]

1. c4 e5 2. Nc3 Nc6 3. g3 f5 4. Bg2 Nf6 5. e3 Bc5 6. Nge2 d6 7. O-O O-O 8. d4
Bb6 9. Rb1 a5 10. a3 f4 11. gxf4 exd4 12. Nxd4 Nxd4 13. exd4 Be6 14. Nd5 Nxd5
15. cxd5 Bf5 16. Ra1 Rf6 17. Be3 Rg6 18. f3 Bh3 19. Rf2 Qe7 20. Qd2 Re8 21. Re1
Qf7 22. Kh1 Bxg2+ 23. Rxg2 Rxg2 24. Kxg2 Qxd5 25. Bf2 Rxe1 26. Qxe1 Kf7 27. Qe4
c6 28. a4 Qh5 29. Bg3 d5 30. Qd3 Bc7 31. Qb3 b6 32. Qc2 Qh6 33. Qf5+ Qf6 34.
Qd7+ Qe7 35. Qxc6 Qd6 36. Qc2 Bd8 37. Qxh7 Qg6 38. Qxg6+ Kxg6 39. f5+ Kxf5 40.
Be5 g5 41. Kg3 Be7 42. Bc7 Bb4 43. Bxb6 Be1+ 44. Kg2 Bd2 45. Bc7 Kg6 46. Kf2
Kf5 47. Ke2 Bb4 48. Kd3 Kg6 49. Ke2 Kf5 50. Bb6 Kg6 51. Bc5 1-0

[Event "XVII Aberto "]
[Site "Ourense"]
[Date "2008.07.11"]
[Round "9.36"]
[White "Mateus, Francisco"]
[Black "Outomuro Nieves, Rafael"]
[Result "1/2-1/2"]
[WhiteElo "1806"]
[BlackElo "2051"]
[PlyCount "71"]
[EventDate "2008.07.03"]

1. e4 e5 2. Nf3 d6 3. d4 Nd7 4. Nc3 Ngf6 5. Be2 c6 6. h3 Qc7 7. Be3 Be7 8. a4
O-O 9. O-O b6 10. Qd2 Bb7 11. Rfd1 Rfe8 12. Bd3 Rad8 13. dxe5 Nxe5 14. Nxe5
dxe5 15. Qe2 h6 16. Qf3 Nh7 17. Bc4 Bg5 18. Bxg5 Nxg5 19. Qe2 Ne6 20. Bxe6 Rxe6
21. Rxd8+ Qxd8 22. Rd1 Rd6 23. Rxd6 Qxd6 24. Qd1 Qxd1+ 25. Nxd1 Kf8 26. f3 Ke7
27. Ne3 Bc8 28. Kf2 Be6 29. Ke2 g6 30. Ng4 Bxg4 31. hxg4 Kf6 32. Ke3 Kg5 33. g3
Kf6 34. Kd3 Ke6 35. b3 Kd6 36. c3 1/2-1/2

[Event "XVII Aberto "]
[Site "Ourense"]
[Date "2008.07.11"]
[Round "9.38"]
[White "Gomez Dieguez, David"]
[Black "Salgado Gonzalez, Julio"]
[Result "0-1"]
[WhiteElo "1727"]
[BlackElo "1916"]
[PlyCount "50"]
[EventDate "2008.07.03"]

1. e4 Nc6 2. Nc3 e5 3. Bc4 Nf6 4. d3 Be7 5. Nge2 d6 6. Bg5 Nxe4 7. Bxe7 Nxc3 8.
Bxd8 Nxd1 9. Bxc7 Nxb2 10. Bxd6 Nxc4 11. dxc4 Bf5 12. Rb1 O-O-O 13. c5 Bxc2 14.
Rb2 Bd3 15. Nc3 Na5 16. Rd2 Ba6 17. f3 Nc4 18. Rd5 f6 19. Kf2 b6 20. Rhd1 Bb7
21. Be7 Bxd5 22. Nxd5 bxc5 23. Bxc5 Kb7 24. Rb1+ Kc6 25. Be7 Rxd5 0-1

[Event "XVII Aberto "]
[Site "Ourense"]
[Date "2008.07.11"]
[Round "9.41"]
[White "Portela Gonzalez, Adrian"]
[Black "Mateus, André"]
[Result "1-0"]
[WhiteElo "1858"]
[BlackElo "1445"]
[PlyCount "35"]
[EventDate "2008.07.03"]

1. e4 c5 2. Nf3 d6 3. d4 cxd4 4. Nxd4 Nf6 5. Nc3 g6 6. Be3 Bg7 7. f3 O-O 8. Qd2
Nc6 9. h4 Bd7 10. O-O-O Rc8 11. h5 Nxh5 12. g4 Nf6 13. Kb1 Qa5 14. Nb3 Qd8 15.
Bh6 e6 16. Bxg7 Kxg7 17. Qh6+ Kh8 18. e5 1-0

[Event "XVII Aberto "]
[Site "Ourense"]
[Date "2008.07.11"]
[Round "9.42"]
[White "Novoa Siota, Jose Antonio"]
[Black "Casal Salgado, Jose Luis"]
[Result "0-1"]
[WhiteElo "1725"]
[BlackElo "1855"]
[PlyCount "102"]
[EventDate "2008.07.03"]

1. e4 c6 2. d4 d5 3. exd5 cxd5 4. Nc3 Nc6 5. Bb5 a6 6. Ba4 Bf5 7. a3 e6 8. h3
Nf6 9. Bb3 Be7 10. Nge2 Rc8 11. Be3 Na5 12. f3 Nxb3 13. cxb3 Nh5 14. g4 Bh4+
15. Bf2 Bxf2+ 16. Kxf2 Qh4+ 17. Kg2 Qg5 18. Kh2 Qe3 19. Qf1 Bd3 20. gxh5 Rxc3
21. bxc3 Bxe2 22. Qe1 Qxf3 23. Qg3 Qxg3+ 24. Kxg3 Bxh5 25. Rhc1 Kd7 26. c4 dxc4
27. Rxc4 Rc8 28. Rac1 Rxc4 29. bxc4 Bg6 30. Kf4 Bf5 31. h4 h6 32. Rc3 f6 33.
Re3 g5+ 34. hxg5 hxg5+ 35. Kg3 Bc2 36. Re1 Bd3 37. Rc1 f5 38. Rc3 Be4 39. Rc1
Kd6 40. Rc3 Ke7 41. Rc1 Kf6 42. Rd1 f4+ 43. Kf2 g4 44. d5 g3+ 45. Kg1 exd5 46.
cxd5 Bf5 47. d6 Bd7 48. Re1 f3 49. Re7 f2+ 50. Kg2 Bc6+ 51. Kf1 Bb5+ 0-1

[Event "XVII Aberto "]
[Site "Ourense"]
[Date "2008.07.11"]
[Round "9.43"]
[White "Cid Liston, Ramon"]
[Black "Ferreira, Miguel"]
[Result "0-1"]
[WhiteElo "1517"]
[BlackElo "1807"]
[PlyCount "70"]
[EventDate "2008.07.03"]

1. d4 d5 2. Nf3 Nf6 3. g3 Bf5 4. Bg2 e6 5. Nbd2 Bd6 6. Nh4 Bg4 7. c3 c6 8. Qb3
Qc7 9. O-O Bxe2 10. Re1 Bh5 11. f4 O-O 12. f5 Bg4 13. fxe6 Bxe6 14. Nhf3 Nbd7
15. Ng5 Bf5 16. Ndf3 Rab8 17. Nh4 Bg4 18. Qc2 h6 19. Nh3 Bxh3 20. Bxh3 Bxg3 21.
Qg2 Bxh4 22. Bxh6 Nh5 23. Rf1 Kh8 24. Rf5 gxh6 25. Rxh5 Qf4 26. Rf1 Qe3+ 27.
Kh1 Rg8 28. Rf3 Qe1+ 29. Qf1 Rbd8 30. Rxh6+ Kg7 31. Rxh4 Qxh4 32. Rxf7+ Kh6 33.
Qc1+ Rg5 34. Re7 Qxh3 35. Re6+ Qxe6 0-1

[Event "XVII Aberto "]
[Site "Ourense"]
[Date "2008.07.11"]
[Round "9.48"]
[White "Sabuz Forneiro, Martin"]
[Black "Lorenzo Serrano, Henar"]
[Result "0-1"]
[WhiteElo "1469"]
[BlackElo "1745"]
[PlyCount "46"]
[EventDate "2008.07.03"]

1. e4 d5 2. exd5 Nf6 3. Bb5+ Bd7 4. Bxd7+ Nbxd7 5. c4 Nb6 6. Qb3 Qd7 7. Nc3
O-O-O 8. Nf3 e6 9. Ne5 Qe7 10. d6 cxd6 11. Nf3 Kb8 12. Nb5 Rc8 13. d3 Nfd7 14.
O-O Nc5 15. Qa3 a6 16. Nbd4 Qc7 17. b4 Ncd7 18. b5 Nc5 19. Rb1 e5 20. Nc2 d5
21. Nd2 Be7 22. bxa6 Nxa6 23. Qa5 Bc5 0-1